000 01628nam0a2200337 4500
001 RU\NLR\BIBL_A\011544748
005 20241102172712.0
010 _a9785815818583
_9100
021 _aRU
_b2017-85420
_96094
035 _a(RuMoRGB)009446925
035 _a(NLR Aleph) 011544748
090 _a12213914
_c12213914
100 _a20171201d2017 u y0rusy50 ca
101 0 _arus
102 _aRU
105 _aa zzzz0|||1yy
200 1 _aЭндоскопические технологии и их техническое сопровождение
_eучебное пособие
_fН. Н. Митракова
_gМинистерство образования и науки Российской Федерации, Федеральное государственное бюджетное образовательное учреждение высшего образования "Поволжский государственный технологический университет"
210 _aЙошкар-Ола
_cПГТУ
_d2017
215 _a87 с.
_cил.
_d21
320 _aБиблиогр.: с. 87 (17 назв.)
606 _aЭндоскопия
_jУчебные издания
_9995331
_3RU\NLR\AUTH\6658787
606 _aЭндохирургия
_jУчебные издания
_91530717
_3RU\NLR\AUTH\66666485
686 _aР343.35с,07
_2rubbk
686 _aР454.890с,07
_2rubbk
686 1 _aР343.35я7
686 1 _aР454.89я7
700 1 _aМитракова
_bН. Н.
_gНина Николаевна
942 _cBOOK
980 _aNBR